000 00450nam a2200181Ia 4500
001 10598
005 20260306161844.0
008 260306t2010||||xx |||||||||||||| ||spa||
041 _aESP
082 _a944
_bD25
100 _aDarnton, Robert
_eAUT
245 0 _aEl beso de Lamourette:
_breflexiones sobre historia cultural
260 _c2010
300 _a375 páginas :
_c23 cm.
650 _aGEN
654 _aCHU
942 _cLIB
_dJUS
_fJUS
_2ddc
_n
999 _c10598
_d10598